| 000 | 00580nam a2200193 a 4500 | ||
|---|---|---|---|
| 001 | 000042361 | ||
| 005 | 20201002040114.0 | ||
| 008 | 131127s2001 sp 000 f spa d | ||
| 020 | _a8483101882 | ||
| 040 |
_aDO-SdBNP _bspa _cBNPHU |
||
| 082 |
_axxx _bE261a |
||
| 100 | 1 |
_aEdwards, Jorge _d1931- _923637 |
|
| 245 | 1 | 3 |
_aEl Anfitrión / _cJorge Edwards. |
| 260 |
_aBarcelona : _bTusquets Editores, _c2001. |
||
| 300 |
_a176 p. ; _c21 cm. |
||
| 490 | 1 |
_aAndanzas _v460 |
|
| 500 | _aIncluye datos biográficos del autor en la solapa de la cubierta. | ||
| 830 | 0 |
_aAndanzas _n460 _969435 |
|
| 999 |
_c41850 _d41850 |
||